000 00461nam a2200181Ia 4500
008 240729s9999 xx 000 0 und d
022 _a2317-6342
245 0 _aCerne
260 _aBrazil
260 _bFEDERAL UNIVERSITY OF LAVRAS
650 _a Biology (General)
650 _a Ecology
650 _a Forestry | Science
650 _aAgriculture
856 _uhttps://doaj.org/toc/1bf0d2091fd246fc863e13722c6b434c
942 _2ddc
942 _cDOAJEJ
999 _c74572
_d74572
945 _a1
_bMadushi Gamage
_c1
_dMadushi Gamage